004940000a22001810004500003001100000005001700011008004100028040003900069041000800108082001500116100001700131245004600148260005100194300000900245490003000254650001800284650001000302LK-CoMWRAF20230923083142.0230817t1983 ||||| |||| 00| 0 eng d aLK-CoMWRAFdLK-CoMWRAFeLK-CoMWRAF aeng a297.6bAHM aAhmad, Fazl aSome companions of the Prophet :bPart II aPakistan (Lahore) :bSh.Muhammad ashraf,c1972 a110p aHeroes of Islam Series 14 aIslam-Prophet aIslam